Fr. Conceicao Rodrigues College of Engineering

Microprocessor for engineers (Record no. 27074)

MARC details
000 -LEADER
fixed length control field 00305nam a2200133Ia 4500
082 ## - DEWEY DECIMAL CLASSIFICATION NUMBER
Classification number 621.38195
Item number SIN
100 ## - MAIN ENTRY--PERSONAL NAME
Personal name Sinha/P.K
245 ## - TITLE STATEMENT
Title Microprocessor for engineers
260 ## - PUBLICATION, DISTRIBUTION, ETC.
Name of publisher, distributor, etc. Ellis Horwood Ltd.
Place of publication, distribution, etc. Chichester
Date of publication, distribution, etc. 1987
300 ## - PHYSICAL DESCRIPTION
Extent 855
546 ## - LANGUAGE NOTE
Language note ENGLISH
654 ## - SUBJECT ADDED ENTRY--FACETED TOPICAL TERMS
Focus term microprocessor
942 ## - ADDED ENTRY ELEMENTS (KOHA)
Koha item type Reference Book
Holdings
Withdrawn status Lost status Damaged status Not for loan Collection Home library Current library Shelving location Date acquired Cost, normal purchase price Total Checkouts Full call number Barcode Date last seen Cost, replacement price Price effective from Koha item type
        CRC Fr. Agnel's C.Rodrigues College of Engineering Fr. Agnel's C.Rodrigues College of Engineering   17/03/2023 1304.13   621.38195 SIN 2618 17/03/2023 1304.13 17/03/2023 Reference Book